Tratados neoclásicos españoles de pintura y escultura / (Record no. 91077)

MARC details
000 -LEADER
campo de control de longitud fija 00658nam a2200169 i 4500
001 - NÚMERO DE CONTROL
campo de control 91077
003 - IDENTIFICADOR DE NÚMERO DE CONTROL
campo de control ES-MaACL
007 - CAMPO FIJO DE DESCRIPCIÓN FÍSICA--INFORMACIÓN GENERAL
campo de control de longitud fija t|
008 - DATOS DE LONGITUD FIJA--INFORMACIÓN GENERAL
campo de control de longitud fija 050127s1980 sp ||||1| spa d
100 1# - ENTRADA PRINCIPAL--NOMBRE DE PERSONA
Nombre de persona León Tello, Francisco José.
9 (RLIN) 71645
245 10 - MENCIÓN DEL TÍTULO
Título Tratados neoclásicos españoles de pintura y escultura /
Mención de responsabilidad, etc. Francisco José León Tello y María M. Virginia Sanz Sanz.
260 ## - PUBLICACIÓN, DISTRIBUCIÓN, ETC.
Lugar de publicación, distribución, etc. Madrid :
Nombre del editor, distribuidor, etc. Universidad Autonoma de Madrid, Departamento de Estética,
Fecha de publicación, distribución, etc. [1980]
300 ## - DESCRIPCIÓN FÍSICA
Extensión 564 p. ;
Dimensiones 22 cm.
700 1# - ENTRADA AGREGADA--NOMBRE PERSONAL
Nombre de persona Sanz Sanz, María Virginia.
9 (RLIN) 103684
710 2# - ENTRADA AGREGADA--NOMBRE DE ENTIDAD CORPORATIVA
Nombre de entidad corporativa o nombre de jurisdicción como elemento de entrada Universidad Autónoma de Madrid.
Unidad subordinada Departamento de Estética.
9 (RLIN) 7065
852 ## - LOCALIZACIÓN
Ubicación ES-MaACL
Número de control de estantería L-785
Sublocalización o colección R.101029
Holdings
Estatus retirado Estado de pérdida Estado de daño No para préstamo Biblioteca de origen Biblioteca actual Ubicación en estantería Fecha de adquisición Fuente de adquisición Total de préstamos Signatura topográfica completa Código de barras Visto por última vez Precio de reemplazo Tipo de ítem Koha
        Biblioteca del Ateneo de Madrid Biblioteca del Ateneo de Madrid Depósito 2 17/01/2008     L-785 1095089 23/02/2023 23/02/2023 Libro impreso